000 02341nam a2200313 a 4500
001 54020
003 AR-BaAGN
005 20240410125425.0
007 ta
008 s ag |||||r|||| ||| ||spa d
020 _a978-950-12-0525-1
040 _aAR-BaAGN
_bspa
_eaacr
100 1 _aMeler, Irene
_97909
_eaut
245 1 0 _aGéneros y deseos en el siglo XXI /
_cIrene Meler.
250 _a1a ed.
260 _aC.A.B.A. :
_bPaidós,
_c2023.
300 _a384 páginas ;
_c22 cm.
336 _btxt
_2rdacontent
337 _bn
_2rdamedia
338 _bnc
_2rdacarrier
500 _aIncluye notas y referencias bibliográficas a pie de página.
500 _aIncluye referencias bibliográficas al final de cada capítulo.
505 0 0 _tParte 1. Enfoques teóricos -- Parte 2. Subjetividades y sexualidades en el campo social contemporáneo -- Parte 3. Relaciones de género.
520 3 _aEste libro expresa el interés en comprender el mundo de hoy, analizado desde una perspectiva que pone en diálogo las teorías psicoanalíticas con los estudios interdisciplinarios de género. El campo social se encuentra en ebullición: mientras algunos sectores juveniles tienden a difuminar las fronteras del género y del deseo asumiendo identidades fluidas, en otros casos las identidades sexuadas se exacerban. El sistema de géneros avanza hacia la paridad. Nuevas generaciones de mujeres desarrollan una mayor autonomía, no organizan su proyecto vital en torno de la dependencia de un varón y privilegian sus proyectos personales en vez de los vínculos amorosos y familiares. La crisis actual de la masculinidad se relaciona con una paradoja contemporánea: las relaciones sociales jerárquicas perdieron legitimidad, pero al mismo tiempo se intensifican, ya que la desigualdad socioeconómica es la mayor jamás registrada. Las organizaciones familiares se encuentran atravesadas por cambios profundos y la institución matrimonial está en crisis. Surgen nuevas formas de amor y de asociación contra el desamparo. En estas páginas, la reconocida autora Irene Meler reflexiona sobre estos temas en busca de respuestas y, por qué no, también de más preguntas. (Descripción del editor).
650 4 _aPSICOANÁLISIS
_91941
650 4 _aIDENTIDAD DE GÉNERO
_94634
650 4 _aESTUDIO DE GÉNERO
_985
942 _cLIBRO
_n0
999 _c54020
_d54020